La Culture Générale en 10 questions #5 - Statistiques

Statistiques générales
  • Ce quiz a été pris 136 fois
    121 depuis la dernière actualisation
  • Le résultat moyen est 5 sur 10
Statistiques - réponses
Hint Réponse % Correct
Quel animal est connu pour sa capacité à changer de couleur rapidement ? Caméléon
97%
Quelle ville est surnommée "la Ville Lumière" ? Paris
93%
Quelle organisation internationale a été créée en 1945 pour maintenir la paix mondiale ? ONU
77%
Quel est le principal gaz responsable de l’effet de serre ? Donnez sa formule chimique. CO2
69%
Quel métal est utilisé pour fabriquer les pièces de monnaie de 1 centime en euro ? Cuivre
61%
Quel architecte est célèbre pour avoir conçu la Casa Milà à Barcelone ? Gaudi
40%
Quel scientifique a formulé les lois de la mécanique céleste ? Newton
17%
Quel est le fleuve le plus long d’Asie ? Yangtsé
12%
Quel est le nom du peintre connu pour ses œuvres avec des taches de couleur, fondateur du mouvement pointilliste ? Seurat
9%
Quel est le nom de la première femme à piloter un avion en solo à travers l’Atlantique ? Earhart
7%
Aucun quiz correspondant
Distribution des résultats
% des personnes avec chaque résultat
Percentile par nombre de réponses
Votre historique - résultats
Vous n’avez pas pris ce quiz depuis la dernière actualisation